Management and the workre (Record no. 575909)

MARC details
000 -LEADER
fixed length control field 00765nam a2200229Ia 4500
003 - CONTROL NUMBER IDENTIFIER
control field OSt
005 - DATE AND TIME OF LATEST TRANSACTION
control field 20220925222031.0
008 - FIXED-LENGTH DATA ELEMENTS--GENERAL INFORMATION
fixed length control field 220923b |||||||| |||| 00| 0 eng d
037 ## - SOURCE OF ACQUISITION
Terms of availability General Book
040 ## - CATALOGING SOURCE
Original cataloging agency RTL
Transcribing agency RTL
Language of cataloging eng
041 ## - LANGUAGE CODE
Source of code eng
Language code of text/sound track or separate title eng
100 ## - MAIN ENTRY--PERSONAL NAME
Personal name ROETHLISBERGER F.J
245 #0 - TITLE STATEMENT
Title Management and the workre
Remainder of title An account of a reseach program conducted by the western electric company, hawthorne works, Chicago
260 ## - PUBLICATION, DISTRIBUTION, ETC.
Place of publication, distribution, etc. London
Name of publisher, distributor, etc. Oxford University Press
Date of publication, distribution, etc. 1967
300 ## - PHYSICAL DESCRIPTION
Extent 615p
Dimensions cm.
700 ## - ADDED ENTRY--PERSONAL NAME
Personal name DICKSON William J.
9 (RLIN) 128456
942 ## - ADDED ENTRY ELEMENTS (KOHA)
Classification part X:89M4y7, G9/TD
Koha item type General Books
Source of classification or shelving scheme Colon Classification (CC)
Holdings
Withdrawn status Lost status Damaged status Not for loan Home library Current library Date acquired Total Checkouts Full call number Barcode Date last seen Price effective from Koha item type
        Ratan Tata Library Ratan Tata Library 2022-09-25   X:89M4y7 G9/TD RTPC011162 2022-09-25 2022-09-25 General Books
Copyright @ Delhi University Library System